First supplement to the third edition of the general catalogue of variable stars containing Information on 2216, variable stars designated in 1970 and Improved Information on 1907 previously (Record no. 7610)

MARC details
000 -LEADER
fixed length control field 00896nam a2200229Ia 4500
003 - CONTROL NUMBER IDENTIFIER
control field IN-BaIIA
008 - FIXED-LENGTH DATA ELEMENTS--GENERAL INFORMATION
fixed length control field 211028s9999 xx 000 0 eng d
040 ## - CATALOGING SOURCE
Transcribing agency IIA Library
080 ## - UNIVERSAL DECIMAL CLASSIFICATION NUMBER
Universal Decimal Classification number 083.8:524.33
Item number KUK-51
100 ## - MAIN ENTRY--PERSONAL NAME
Personal name Kukarkin, B. V.
9 (RLIN) 6422
245 #0 - TITLE STATEMENT
Title First supplement to the third edition of the general catalogue of variable stars containing Information on 2216, variable stars designated in 1970 and Improved Information on 1907 previously
Statement of responsibility, etc. B. V. Kukarkin…[et al.]
260 ## - PUBLICATION, DISTRIBUTION, ETC.
Place of publication, distribution, etc. Moscow
Name of publisher, distributor, etc. Academy of Sciences of the USSR
Date of publication, distribution, etc. 1971
300 ## - PHYSICAL DESCRIPTION
Extent 323p.
500 ## - GENERAL NOTE
General note Donated by Mrs. Bappu
650 ## - SUBJECT ADDED ENTRY--TOPICAL TERM
Topical term or geographic name entry element Astronomy and Astrophysics Thesaurus
700 ## - ADDED ENTRY--PERSONAL NAME
Personal name Efremov, YU N
9 (RLIN) 12871
700 ## - ADDED ENTRY--PERSONAL NAME
Personal name Kholopov, P N
9 (RLIN) 12872
700 ## - ADDED ENTRY--PERSONAL NAME
Personal name Kukarkin, N P
9 (RLIN) 12873
700 ## - ADDED ENTRY--PERSONAL NAME
Personal name Kurochkin, A N E
9 (RLIN) 12874
700 ## - ADDED ENTRY--PERSONAL NAME
Personal name Medvedeva, G I
9 (RLIN) 12875
942 ## - ADDED ENTRY ELEMENTS (KOHA)
Koha item type Books
Holdings
Withdrawn status Lost status Damaged status Not for loan Home library Current library Shelving location Date acquired Total Checkouts Full call number Barcode Date last seen Price effective from Koha item type
        IIA Library-Bangalore IIA Library-Bangalore General Stacks 20/07/1983   083.8:524.33/ KUK-51 8424 05/11/2021 20/07/1983 Books

Powered by Koha